Les années sport de 1998 à 2021 (difficile) - Statistiques

Statistiques générales
  • Ce quiz a été pris 71 fois
  • Le résultat moyen est 6 sur 24
Statistiques - réponses
Hint Réponse % Correct
Skieur français remportant la coupe du monde de ski alpin en 2021 Alexis Pinturault
60%
Tenniswoman roumaine, future n°1 mondiale, remportant le tournoi de Rolland-Garros juniors dame en 2008 Simona Halep
56%
Pilote britannique rookie, seul pilote n'ayant obtenu aucun point lors du championnat du monde de formule 1 2019 George Russell
55%
Footballeur français, remportant en tant qu'entraineur les Jeux olympiques de 1984 avec l'équipe de France et finissant 3ème de la coupe du monde 1986, décédant en 2018 Henri Michel
37%
Ville anglaise, la plus grande du Yorkshire, d'où le tour de France s'élance en 2014 Leeds
37%
Tenniswoman suisse remportant l'Open d'Australie en double mixte en 2015 Martina Hingis
31%
Ville ultramarine qui a vu naître Teddy Riner, une nouvelle fois médaillé d'or des +100kg aux jeux olympiques en 2016 Pointe-à-Pitre
26%
Pilote français remportant le Champ Car aux Etats-Unis en 2004 Sebastien Bourdais
26%
Athlète aborigène (féminine) allumant la flamme olympique et remportant la médaille d'or du 400 mètres en 2000 Cathy Freeman
24%
Circuit sur lequel s'est déroulé le Bol d'or en 2013 Nevers Magny-Cours
24%
Etat des Etats-Unis dans lequel se trouve Kansas City, remportant le Super Bowl en 2020 Missouri
23%
Golfeur espagnol, décédé en 2011 à l'âge de 54 ans Severiano Ballesteros
23%
Cycliste italien surnommé "le terrible" remportant son premier tour d'Italie en 2006 Ivan Basso
21%
En 2007, sprinteuse américaine, rivale de Christine Arron, rendant ses médailles acquises aux JO de Sydney après avoué s'être dopée Marion Jones
21%
Vainqueur de la ligue américaine de baseball (MLB) en 1999 New York Yankees
15%
Française championne du monde de natation synchronisée en solo en 2005 Virginie Dedieu
15%
Navigateur suisse ayant remporté la route du Rhum en 1998 Laurent Bourgnon
13%
Nations sur le podium à la première et deuxième place des championnats du monde de handball masculin et féminin en 2017 France et Norvège
11%
Catégorie de poids correspondant à celui de Lucie Décosse, championne du monde de judo en 2010 Moyens
11%
Ville de l'équipe de football américain "Les Argonautes", champion de France pour la 8ème fois en 2002 Aix-en-Provence
10%
Athlète de la République dominicaine, prénommé Felix, médaille d'or du 400 mètres haies en 2012 Felix Sanchez
10%
Equipe cycliste d'Angel Casero, vainqueur du tour d'Espagne en 2001 Festina
10%
Boxeur britannique conservant son titre de champion du monde face à Vitali Klitschko en 2003 Lennox Lewis
8%
Club danois remportant la ligue des champions de handball féminin en 2009 Viborg
0%
Aucun quiz correspondant
Distribution des résultats
% des personnes avec chaque résultat
Percentile par nombre de réponses
Votre historique - résultats
Vous n’avez pas pris ce quiz